| 000 | 00000nam##2200000za#4500 |
| 001 | 9.695951 |
| 003 | CaOODSP |
| 005 | 20210624234819 |
| 007 | cr ||||||||||| |
| 008 | 150407|2010||||xxc|||||o f|0| 0 eng|d |
| 020 | |a978-1-897463-92-5 |
| 040 | |aCaOODSP|beng |
| 043 | |an-cn--- |
| 086 | 1 |aH174-25/2010E-PDF |
| 110 | 1 |aCanada.|bHealth Council of Canada. |
| 245 | 10|aUpdate : |h[electronic resource]|bimproving the health and well-being of Aboriginal peoples in Canada |
| 246 | 1 |iAdditional title (within publication) : |aAboriginal Health Update |
| 260 | |bHealth Council of Canada |cOctober 2010. |
| 300 | |a2p. |
| 590 | |a12-35-Supp|b2012-08-09 |
| 690 | 07|aIndigenous peoples|2gcpds |
| 690 | 07|aHealth promotion|2gcpds |
| 775 | 08|tMise à jour : |w(CaOODSP)9.640070 |
| 856 | 40|ahttp://publications.gc.ca|qPDF|s321 KB|uhttps://publications.gc.ca/collections/collection_2012/ccs-hcc/H174-25-2010-eng.pdf |